00382nam a22001337a 450000500170000000800410001708200080005810000320006611000320009824500560013026000470018630000070023365000080024020200523100513.0200523b xxu||||| |||| 00| 0 eng d a340 aThe All India Reporter Ltd aThe All India Reporter Ltd aThe All India Reporter 1962 (VOL-49) PUNJAB Section aBOMBAYbThe All India Reporter ltd.c1962 a64 aLAW